Transfery Wisły Płock w letnim okienku transferowym 2020/21. - Statystyki

Ogólne statystyki
  • Ten quiz został rozwiązany 13 razy
  • Średni wynik to 6 z 13
Statystyki odpowiedzi
Cena Pozycja Poprzedni klub Piłkarz % Poprawnych
? Środkowy napastnik Piast Gliwice Tuszyński
83%
Za darmo Defensywny pomocnik Aalborg BK Lesniak
67%
Za darmo Prawy obrońca Arka Gdynia Zbozień
67%
50 tys. Prawy obrońca Lechia Gdańsk Żuk
67%
? Środkowy napastnik Extremadura Cabrera
42%
Za darmo Defensywny pomocnik Sochi Lagator
42%
Za darmo Środkowy napastnik BFC Dynamo Lewandowski
42%
Za darmo Ofensywny pomocnik GKS Tychy Szumilas
42%
? Środkowy obrońca Napredak Obradovic
33%
Za darmo Ofensywny pomocnik GKS Bełchatów Kondracki
25%
Za darmo Prawy napastnik Legia Warszawa Pyrdoł
25%
Za darmo Środkowy obrońca Tsarsko Selo Rodriguez
17%
Za darmo Środkowy pomocnik Escola Varsovia U19 Garbowski
0%
Nie znaleziono quizów pasujących do podanych kryteriów
Rozkład punktacji
Procent ludzi z każdym wynikiem
Percentyl według liczby udzielonych odpowiedzi
Twoja historia wyników
Nie rozwiązałeś tego quizu